[Event "DEM U10w 2024"]
[Site "Willingen GER"]
[Date "2024.05.21"]
[Round "5"]
[White "Lao, Theodora Siyuan"]
[Black "Preißler, Enie"]
[Result "0-1"]
[Termination "normal"]
[Board "11"]
[WhiteElo "1087"]
[BlackElo "1019"]
[WhiteClock "01:06:23"]
[BlackClock "00:36:23"]
[PlyCount "84"]
[WhiteFideId "34667547"]
[EventCountry "GER"]
[EventRounds "11"]
[EventType "swiss"]
[EventDate "2024.05.18"]

1. e4 {[%clk 01:15:59]} {[%emt 00:00:01]} c5 {[%clk 01:15:43]} {[%emt
00:00:18]} 2. Nc3 {[%clk 01:16:19]} {[%emt 00:00:10]} d6 {[%clk 01:15:34]}
{[%emt 00:00:38]} 3. Bb5+ {[%clk 01:16:30]} {[%emt 00:00:18]} Bd7 {[%clk
01:14:45]} {[%emt 00:01:19]} 4. Bxd7+ {[%clk 01:16:41]} {[%emt 00:00:20]} Qxd7
{[%clk 01:13:36]} {[%emt 00:01:39]} 5. Nf3 {[%clk 01:16:45]} {[%emt 00:00:26]}
Nc6 {[%clk 01:12:43]} {[%emt 00:01:24]} 6. d4 {[%clk 01:16:39]} {[%emt
00:00:35]} cxd4 {[%clk 01:12:51]} {[%emt 00:00:22]} 7. Nxd4 {[%clk 01:16:57]}
{[%emt 00:00:11]} a6 {[%clk 01:12:07]} {[%emt 00:01:15]} 8. Be3 {[%clk
01:16:45]} {[%emt 00:00:42]} Nf6 {[%clk 01:09:17]} {[%emt 00:03:20]} 9. O-O
{[%clk 01:16:39]} {[%emt 00:00:36]} e5 {[%clk 01:06:58]} {[%emt 00:02:50]} 10.
Nxc6 {[%clk 01:16:34]} {[%emt 00:00:34]} Qxc6 {[%clk 01:05:06]} {[%emt
00:02:21]} 11. Qd3 {[%clk 01:15:45]} {[%emt 00:01:18]} Be7 {[%clk 01:02:28]}
{[%emt 00:03:09]} 12. Nd5 {[%clk 01:15:44]} {[%emt 00:00:32]} Nxd5 {[%clk
00:56:11]} {[%emt 00:06:46]} 13. exd5 {[%clk 01:15:29]} {[%emt 00:00:46]} Qd7
{[%clk 00:54:06]} {[%emt 00:02:35]} 14. Rfe1 {[%clk 01:14:28]} {[%emt
00:01:30]} O-O {[%clk 00:51:14]} {[%emt 00:03:22]} 15. Bd2 {[%clk 01:13:54]}
{[%emt 00:01:01]} b6 {[%clk 00:47:19]} {[%emt 00:04:29]} 16. Qg3 {[%clk
01:13:59]} {[%emt 00:00:22]} Bf6 {[%clk 00:45:31]} {[%emt 00:02:20]} 17. Re3
{[%clk 01:13:43]} {[%emt 00:00:45]} Qb5 {[%clk 00:44:49]} {[%emt 00:01:14]} 18.
Rb1 {[%clk 01:11:49]} {[%emt 00:02:25]} Qxd5 {[%clk 00:44:31]} {[%emt
00:00:47]} 19. Rd1 {[%clk 01:10:38]} {[%emt 00:01:39]} Qxa2 {[%clk 00:43:25]}
{[%emt 00:01:37]} 20. Rf3 {[%clk 01:10:49]} {[%emt 00:00:18]} Qe6 {[%clk
00:42:17]} {[%emt 00:01:40]} 21. c4 {[%clk 01:09:45]} {[%emt 00:01:33]} Rfc8
{[%clk 00:41:32]} {[%emt 00:01:16]} 22. Rc1 {[%clk 01:08:58]} {[%emt 00:01:17]}
b5 {[%clk 00:40:36]} {[%emt 00:01:26]} 23. b3 {[%clk 01:08:25]} {[%emt
00:01:03]} bxc4 {[%clk 00:40:15]} {[%emt 00:00:50]} 24. bxc4 {[%clk 01:08:34]}
{[%emt 00:00:21]} a5 {[%clk 00:40:01]} {[%emt 00:00:45]} 25. Rfc3 {[%clk
01:07:35]} {[%emt 00:01:28]} a4 {[%clk 00:39:54]} {[%emt 00:00:38]} 26. Qd3
{[%clk 01:07:45]} {[%emt 00:00:19]} a3 {[%emt 00:01:32]} 27. Rxa3 {[%emt
00:00:19]} Rxa3 {[%clk 00:38:11]} {[%emt 00:00:23]} 28. Qxa3 {[%clk 01:08:04]}
{[%emt 00:00:10]} h6 {[%clk 00:37:52]} {[%emt 00:00:49]} 29. c5 {[%clk
01:07:29]} {[%emt 00:01:06]} dxc5 {[%clk 00:36:31]} {[%emt 00:01:50]} 30. Rxc5
{[%clk 01:07:39]} {[%emt 00:00:20]} Rxc5 {[%clk 00:36:54]} {[%emt 00:00:08]}
31. Qxc5 {[%clk 01:07:53]} {[%emt 00:00:15]} Qa2 {[%clk 00:37:05]} {[%emt
00:00:19]} 32. Be1 {[%clk 01:07:35]} {[%emt 00:00:48]} Qb1 {[%clk 00:36:03]}
{[%emt 00:01:32]} 33. Kf1 {[%clk 01:07:51]} {[%emt 00:00:15]} Qd3+ {[%clk
00:36:09]} {[%emt 00:00:24]} 34. Kg1 {[%clk 01:08:03]} {[%emt 00:00:17]} Qe2
{[%clk 00:36:26]} {[%emt 00:00:13]} 35. Qc8+ {[%clk 01:07:59]} {[%emt
00:00:33]} Kh7 {[%clk 00:36:46]} 36. Qf5+ {[%clk 01:08:13]} {[%emt 00:00:27]}
g6 {[%clk 00:36:56]} 37. Qb1 {[%clk 01:08:09]} {[%emt 00:00:53]} e4 {[%clk
00:36:55]} 38. g3 {[%clk 01:08:06]} {[%emt 00:01:05]} e3 {[%clk 00:37:00]} 39.
Qc1 {[%clk 01:07:51]} {[%emt 00:01:09]} Bd4 {[%clk 00:37:02]} 40. Kg2 {[%clk
01:06:33]} {[%emt 00:02:16]} exf2 {[%clk 00:37:14]} 41. Bxf2 {[%clk 01:06:18]}
{[%emt 00:01:04]} Qxf2+ {[%clk 00:37:32]} 42. Kh1 {[%clk 01:06:23]} {[%emt
00:00:29]} Qf3# {[%clk 00:36:23]} 0-1

[Event "DEM U10w 2024"]
[Site "Willingen GER"]
[Date "2024.05.21"]
[Round "5"]
[White "Wolf, Aurelia"]
[Black "Sniegowski, Amalia"]
[Result "1-0"]
[Termination "normal"]
[Board "12"]
[WhiteElo "1498"]
[BlackElo "998"]
[WhiteClock "01:03:31"]
[BlackClock "00:53:41"]
[PlyCount "107"]
[WhiteFideId "34671048"]
[BlackFideId "34675620"]
[EventCountry "GER"]
[EventRounds "11"]
[EventType "swiss"]
[EventDate "2024.05.18"]

1. e4 {[%clk 01:15:54]} {[%emt 00:00:06]} c5 {[%clk 01:16:20]} {[%emt
00:00:10]} 2. Nc3 {[%clk 01:16:16]} {[%emt 00:00:07]} a6 {[%clk 01:16:40]}
{[%emt 00:00:10]} 3. f4 {[%clk 01:16:36]} {[%emt 00:00:10]} e6 {[%clk
01:16:35]} {[%emt 00:00:35]} 4. Nf3 {[%clk 01:16:47]} {[%emt 00:00:19]} d5
{[%clk 01:16:40]} {[%emt 00:00:25]} 5. exd5 {[%clk 01:16:29]} {[%emt 00:00:48]}
exd5 {[%clk 01:16:56]} {[%emt 00:00:14]} 6. d4 {[%clk 01:16:30]} {[%emt
00:00:29]} cxd4 {[%clk 01:17:03]} {[%emt 00:00:23]} 7. Nxd4 {[%clk 01:16:38]}
{[%emt 00:00:22]} Nf6 {[%clk 01:17:06]} {[%emt 00:00:27]} 8. Be2 {[%clk
01:14:45]} {[%emt 00:02:23]} Bc5 {[%clk 01:17:12]} {[%emt 00:00:24]} 9. O-O
{[%clk 01:11:39]} {[%emt 00:03:36]} Nc6 {[%clk 01:17:28]} {[%emt 00:00:15]} 10.
Be3 {[%clk 01:11:44]} {[%emt 00:00:25]} Bxd4 {[%clk 01:16:59]} {[%emt
00:00:59]} 11. Bxd4 {[%clk 01:11:53]} {[%emt 00:00:20]} Nxd4 {[%clk 01:17:13]}
{[%emt 00:00:16]} 12. Qxd4 {[%clk 01:12:12]} {[%emt 00:00:11]} O-O {[%clk
01:17:04]} {[%emt 00:00:39]} 13. Rad1 {[%clk 01:11:12]} {[%emt 00:01:30]} Bf5
{[%clk 01:15:37]} {[%emt 00:01:58]} 14. Bd3 {[%clk 01:08:42]} {[%emt 00:02:59]}
Bg4 {[%clk 01:15:09]} {[%emt 00:00:58]} 15. Rd2 {[%clk 01:05:54]} {[%emt
00:03:17]} Re8 {[%clk 01:12:26]} {[%emt 00:03:14]} 16. f5 {[%clk 01:05:29]}
{[%emt 00:00:54]} g6 {[%clk 01:09:42]} {[%emt 00:03:14]} 17. fxg6 {[%clk
01:05:24]} {[%emt 00:00:35]} hxg6 {[%clk 01:09:39]} {[%emt 00:00:33]} 18. Qxf6
{[%clk 01:05:26]} {[%emt 00:00:29]} Qxf6 {[%clk 01:09:17]} {[%emt 00:00:53]}
19. Rxf6 {[%clk 01:05:46]} {[%emt 00:00:10]} Re7 {[%clk 01:07:49]} {[%emt
00:01:57]} 20. Nxd5 {[%clk 01:05:13]} {[%emt 00:01:03]} Re5 {[%clk 01:05:14]}
{[%emt 00:03:06]} 21. Rd6 {[%clk 01:03:26]} {[%emt 00:02:10]} Rae8 {[%clk
01:02:56]} {[%emt 00:02:55]} 22. Nf6+ {[%clk 01:03:42]} {[%emt 00:00:13]} Kf8
{[%clk 00:59:56]} {[%emt 00:03:29]} 23. Nxe8 {[%clk 01:03:33]} {[%emt
00:00:38]} Rxe8 {[%clk 01:00:14]} {[%emt 00:00:14]} 24. Bc4 {[%clk 01:01:34]}
{[%emt 00:02:29]} Kg7 {[%clk 00:59:10]} {[%emt 00:01:34]} 25. h3 {[%clk
00:58:02]} {[%emt 00:04:01]} Bf5 {[%clk 00:57:55]} {[%emt 00:01:46]} 26. g4
{[%clk 00:57:33]} {[%emt 00:00:59]} Be4 {[%clk 00:57:45]} {[%emt 00:00:37]} 27.
Bd5 {[%clk 00:57:35]} {[%emt 00:00:32]} Bxd5 {[%clk 00:57:32]} {[%emt
00:00:42]} 28. R6xd5 {[%clk 00:57:50]} {[%emt 00:00:14]} Re1+ {[%clk 00:56:18]}
{[%emt 00:01:44]} 29. Kg2 {[%clk 00:57:39]} {[%emt 00:00:41]} Ra1 {[%clk
00:56:27]} {[%emt 00:00:22]} 30. Rd7 {[%clk 00:57:32]} {[%emt 00:00:38]} b5
{[%clk 00:56:11]} {[%emt 00:00:46]} 31. a3 {[%clk 00:56:21]} {[%emt 00:01:41]}
Ra2 {[%clk 00:54:45]} {[%emt 00:01:55]} 32. Ra7 {[%clk 00:56:36]} {[%emt
00:00:15]} Rxb2 {[%emt 00:00:29]} 33. Rxa6 {[%clk 00:56:59]} b4 {[%clk
00:54:45]} {[%emt 00:00:38]} 34. axb4 {[%clk 00:57:17]} {[%emt 00:00:12]} Rxb4
{[%clk 00:54:58]} {[%emt 00:00:17]} 35. Ra1 {[%clk 00:57:25]} {[%emt 00:00:21]}
Rc4 {[%clk 00:52:32]} {[%emt 00:02:54]} 36. Rc1 {[%clk 00:57:38]} {[%emt
00:00:19]} Rc8 {[%clk 00:50:04]} {[%emt 00:02:58]} 37. c4 {[%clk 00:57:58]}
{[%emt 00:00:10]} f5 {[%clk 00:50:13]} {[%emt 00:00:21]} 38. gxf5 {[%clk
00:58:17]} {[%emt 00:00:11]} gxf5 {[%clk 00:50:32]} {[%emt 00:00:10]} 39. c5
{[%clk 00:58:30]} {[%emt 00:00:18]} Kf6 {[%clk 00:50:40]} {[%emt 00:00:22]} 40.
c6 {[%clk 00:58:52]} {[%emt 00:00:08]} Ke5 {[%clk 00:50:53]} {[%emt 00:00:17]}
41. c7 {[%clk 00:58:57]} {[%emt 00:00:25]} f4 {[%clk 00:51:08]} {[%emt
00:00:15]} 42. Rd8 {[%clk 00:59:18]} {[%emt 00:00:09]} Rxc7 {[%clk 00:50:43]}
{[%emt 00:00:55]} 43. Rxc7 {[%clk 00:59:40]} {[%emt 00:00:08]} Ke4 {[%clk
00:50:55]} {[%emt 00:00:17]} 44. Rf8 {[%clk 00:59:59]} {[%emt 00:00:12]} f3+
{[%clk 00:51:10]} {[%emt 00:00:16]} 45. Kf2 {[%clk 01:00:22]} {[%emt 00:00:06]}
Ke5 {[%clk 00:51:27]} {[%emt 00:00:14]} 46. h4 {[%clk 01:00:44]} {[%emt
00:00:07]} Kd6 {[%clk 00:51:46]} {[%emt 00:00:10]} 47. Rc1 {[%clk 01:01:05]}
{[%emt 00:00:10]} Ke7 {[%clk 00:52:06]} {[%emt 00:00:10]} 48. Rxf3 {[%clk
01:01:25]} {[%emt 00:00:10]} Ke6 {[%clk 00:52:28]} {[%emt 00:00:09]} 49. h5
{[%clk 01:01:47]} {[%emt 00:00:07]} Ke5 {[%clk 00:52:50]} {[%emt 00:00:08]} 50.
h6 {[%clk 01:02:11]} {[%emt 00:00:06]} Kd4 {[%clk 00:53:12]} {[%emt 00:00:08]}
51. h7 {[%clk 01:02:33]} {[%emt 00:00:07]} Ke4 {[%clk 00:53:23]} {[%emt
00:00:17]} 52. h8=Q {[%clk 01:02:48]} {[%emt 00:00:18]} Kd5 {[%clk 00:53:34]}
{[%emt 00:00:19]} 53. Qd8+ {[%clk 01:03:07]} {[%emt 00:00:11]} Ke6 {[%clk
00:53:41]} {[%emt 00:00:21]} 54. Re1# {[%clk 01:03:31]} {[%emt 00:00:08]} 1-0

[Event "DEM U10w 2024"]
[Site "Willingen GER"]
[Date "2024.05.21"]
[Round "5"]
[White "Ruddat, Maila"]
[Black "Vasilieva, Victoria"]
[Result "1/2-1/2"]
[Termination "normal"]
[Board "13"]
[WhiteElo "1522"]
[BlackElo "1048"]
[WhiteClock "00:55:40"]
[BlackClock "00:45:52"]
[PlyCount "80"]
[WhiteFideId "34628100"]
[BlackFideId "533007071"]
[EventCountry "GER"]
[EventRounds "11"]
[EventType "swiss"]
[EventDate "2024.05.18"]

1. e4 {[%clk 01:15:50]} {[%emt 00:00:09]} d5 {[%clk 01:15:49]} {[%emt
00:00:10]} 2. exd5 {[%clk 01:15:53]} {[%emt 00:00:28]} Qxd5 {[%clk 01:16:10]}
{[%emt 00:00:08]} 3. Nc3 {[%clk 01:16:02]} {[%emt 00:00:22]} Qa5 {[%clk
01:16:30]} {[%emt 00:00:10]} 4. Bc4 {[%clk 01:15:46]} {[%emt 00:00:43]} c6
{[%clk 01:16:51]} {[%emt 00:00:11]} 5. d3 {[%clk 01:15:52]} {[%emt 00:00:24]}
Nf6 {[%clk 01:16:50]} {[%emt 00:00:31]} 6. Nf3 {[%clk 01:14:56]} {[%emt
00:01:27]} Bf5 {[%clk 01:17:05]} {[%emt 00:00:15]} 7. Bd2 {[%clk 01:14:25]}
{[%emt 00:01:01]} Qc7 {[%clk 01:17:22]} {[%emt 00:00:13]} 8. h3 {[%clk
01:14:17]} {[%emt 00:00:39]} e6 {[%clk 01:17:19]} {[%emt 00:00:32]} 9. a3
{[%clk 01:14:07]} {[%emt 00:00:40]} Bd6 {[%clk 01:17:24]} {[%emt 00:00:25]} 10.
Nh4 {[%clk 01:12:30]} {[%emt 00:02:06]} h6 {[%clk 01:16:23]} {[%emt 00:01:31]}
11. Qe2 {[%clk 01:12:18]} {[%emt 00:00:41]} O-O {[%clk 01:16:29]} {[%emt
00:00:26]} 12. Nxf5 {[%clk 01:12:01]} {[%emt 00:00:47]} exf5 {[%clk 01:16:27]}
{[%emt 00:00:31]} 13. O-O {[%clk 01:11:55]} {[%emt 00:00:36]} Nbd7 {[%clk
01:13:25]} {[%emt 00:03:33]} 14. Qf3 {[%clk 01:10:08]} {[%emt 00:02:15]} f4
{[%clk 01:10:07]} {[%emt 00:03:50]} 15. Rfe1 {[%clk 01:03:19]} {[%emt
00:07:19]} Rfe8 {[%clk 01:06:03]} {[%emt 00:04:34]} 16. Ne4 {[%clk 01:01:49]}
{[%emt 00:02:00]} Re7 {[%clk 01:00:48]} {[%emt 00:05:44]} 17. Nxd6 {[%clk
01:01:44]} {[%emt 00:00:36]} Qxd6 {[%clk 01:00:14]} {[%emt 00:01:02]} 18. Rxe7
{[%clk 01:01:25]} {[%emt 00:00:50]} Qxe7 {[%clk 01:00:00]} {[%emt 00:00:45]}
19. Bxf4 {[%clk 01:00:43]} {[%emt 00:01:12]} Re8 {[%clk 00:54:30]} {[%emt
00:05:59]} 20. Qg3 {[%clk 01:00:22]} {[%emt 00:00:48]} Kh8 {[%clk 00:53:42]}
{[%emt 00:01:23]} 21. Be3 {[%clk 01:00:26]} {[%emt 00:00:24]} a6 {[%clk
00:52:12]} {[%emt 00:02:01]} 22. Bb3 {[%clk 00:57:13]} {[%emt 00:03:41]} Nc5
{[%clk 00:46:34]} {[%emt 00:06:10]} 23. Bxc5 {[%clk 00:54:26]} {[%emt
00:03:18]} Qxc5 {[%clk 00:45:54]} {[%emt 00:01:08]} 24. Bxf7 {[%clk 00:53:54]}
{[%emt 00:01:02]} Re2 {[%clk 00:46:08]} {[%emt 00:00:16]} 25. Bb3 {[%clk
00:54:09]} {[%emt 00:00:15]} Rxf2 {[%clk 00:45:29]} {[%emt 00:01:09]} 26. Qxf2
{[%clk 00:54:19]} {[%emt 00:00:21]} Qxf2+ {[%clk 00:45:26]} {[%emt 00:00:33]}
27. Kxf2 {[%clk 00:54:32]} {[%emt 00:00:18]} g5 {[%clk 00:45:30]} {[%emt
00:00:24]} 28. Re1 {[%clk 00:54:38]} {[%emt 00:00:25]} g4 {[%clk 00:45:15]}
{[%emt 00:00:45]} 29. Re6 {[%clk 00:54:26]} {[%emt 00:00:40]} Kg7 {[%clk
00:45:16]} {[%emt 00:00:31]} 30. Re7+ {[%clk 00:54:41]} {[%emt 00:00:15]} Kh8
{[%clk 00:45:21]} {[%emt 00:00:26]} 31. Rxb7 {[%clk 00:54:45]} {[%emt
00:00:26]} gxh3 {[%clk 00:45:25]} {[%emt 00:00:25]} 32. gxh3 {[%clk 00:55:04]}
{[%emt 00:00:10]} c5 {[%clk 00:45:40]} {[%emt 00:00:16]} 33. Rc7 {[%clk
00:55:06]} {[%emt 00:00:28]} c4 {[%clk 00:45:51]} {[%emt 00:00:20]} 34. Bxc4
{[%clk 00:55:17]} {[%emt 00:00:19]} a5 {[%clk 00:45:46]} {[%emt 00:00:35]} 35.
Ra7 {[%clk 00:55:19]} {[%emt 00:00:26]} a4 {[%clk 00:44:50]} {[%emt 00:01:26]}
36. Rxa4 {[%clk 00:54:38]} {[%emt 00:01:12]} h5 {[%clk 00:44:42]} {[%emt
00:00:38]} 37. b4 {[%clk 00:54:50]} {[%emt 00:00:18]} Kh7 {[%clk 00:44:58]}
{[%emt 00:00:13]} 38. b5 {[%clk 00:55:05]} {[%emt 00:00:16]} Nd7 {[%clk
00:45:19]} {[%emt 00:00:09]} 39. Ra7 {[%clk 00:55:21]} {[%emt 00:00:13]} h4
{[%clk 00:45:35]} {[%emt 00:00:12]} 40. Rxd7+ {[%clk 00:55:40]} {[%emt
00:00:13]} Kh8 {[%clk 00:45:52]} {[%emt 00:00:14]} 1/2-1/2

[Event "DEM U10w 2024"]
[Site "Willingen GER"]
[Date "2024.05.21"]
[Round "5"]
[White "Yamshchikova, Oleksandra"]
[Black "Winkler, Anni"]
[Result "1/2-1/2"]
[Termination "normal"]
[Board "14"]
[WhiteElo "1032"]
[BlackElo "1426"]
[WhiteClock "01:05:40"]
[BlackClock "00:30:03"]
[PlyCount "40"]
[WhiteFideId "34171118"]
[BlackFideId "34622349"]
[EventCountry "GER"]
[EventRounds "11"]
[EventType "swiss"]
[EventDate "2024.05.18"]

1. e4 {[%clk 01:15:58]} c5 {[%clk 01:15:44]} {[%emt 00:00:16]} 2. Nf3 {[%clk
01:16:23]} {[%emt 00:00:06]} d6 {[%clk 01:15:45]} {[%emt 00:00:30]} 3. b3
{[%clk 01:16:10]} {[%emt 00:00:42]} Nf6 {[%clk 01:15:00]} {[%emt 00:01:15]} 4.
d3 {[%clk 01:16:09]} {[%emt 00:00:31]} Nc6 {[%clk 01:14:31]} {[%emt 00:00:59]}
5. c3 {[%clk 01:15:49]} {[%emt 00:00:48]} e6 {[%clk 01:12:28]} {[%emt
00:02:35]} 6. c4 {[%clk 01:13:40]} {[%emt 00:02:39]} Be7 {[%clk 01:11:21]}
{[%emt 00:01:36]} 7. Be2 {[%clk 01:12:57]} {[%emt 00:01:14]} Bd7 {[%clk
01:03:13]} {[%emt 00:08:37]} 8. Bd2 {[%clk 01:12:51]} {[%emt 00:00:35]} Qc7
{[%clk 01:02:43]} {[%emt 00:01:01]} 9. a4 {[%clk 01:12:38]} {[%emt 00:00:43]}
O-O {[%clk 00:56:59]} {[%emt 00:06:15]} 10. O-O {[%clk 01:13:00]} {[%emt
00:00:08]} a5 {[%clk 00:53:36]} {[%emt 00:03:53]} 11. h3 {[%clk 01:12:21]}
{[%emt 00:01:09]} Rad8 {[%clk 00:50:19]} {[%emt 00:03:48]} 12. Na3 {[%clk
01:11:10]} {[%emt 00:01:40]} e5 {[%clk 00:47:44]} {[%emt 00:03:05]} 13. Nb5
{[%clk 01:11:06]} {[%emt 00:00:32]} Qc8 {[%clk 00:45:32]} {[%emt 00:02:44]} 14.
Qc1 {[%clk 01:10:09]} {[%emt 00:01:26]} Rfe8 {[%clk 00:38:29]} {[%emt
00:07:33]} 15. Be3 {[%clk 01:07:02]} {[%emt 00:03:38]} b6 {[%clk 00:35:32]}
{[%emt 00:03:27]} 16. Qc2 {[%clk 01:05:49]} {[%emt 00:01:42]} h6 {[%clk
00:35:38]} {[%emt 00:00:25]} 17. Rfd1 {[%clk 01:05:33]} {[%emt 00:00:45]} Nb4
{[%clk 00:34:02]} {[%emt 00:02:07]} 18. Qb2 {[%clk 01:05:40]} {[%emt 00:00:22]}
Be6 {[%clk 00:31:09]} {[%emt 00:03:23]} 19. Na7 {[%clk 01:05:24]} {[%emt
00:00:45]} Qd7 {[%clk 00:30:27]} {[%emt 00:01:12]} 20. Nb5 {[%clk 01:05:40]}
{[%emt 00:00:15]} Rc8 {[%clk 00:30:03]} {[%emt 00:00:55]} 1/2-1/2

[Event "DEM U10w 2024"]
[Site "Willingen GER"]
[Date "2024.05.21"]
[Round "5"]
[White "Jänsch, Layla"]
[Black "Hirtzel, Hanna Meiki"]
[Result "1-0"]
[Termination "normal"]
[Board "16"]
[WhiteElo "962"]
[BlackElo "942"]
[WhiteClock "00:44:47"]
[BlackClock "00:30:04"]
[PlyCount "115"]
[EventCountry "GER"]
[EventRounds "11"]
[EventType "swiss"]
[EventDate "2024.05.18"]

1. e4 {[%clk 01:15:59]} c6 {[%clk 01:15:52]} {[%emt 00:00:08]} 2. d4 {[%clk
01:16:20]} {[%emt 00:00:09]} d5 {[%clk 01:16:16]} {[%emt 00:00:06]} 3. exd5
{[%clk 01:16:39]} {[%emt 00:00:12]} cxd5 {[%clk 01:16:36]} {[%emt 00:00:10]} 4.
Bd3 {[%clk 01:15:56]} {[%emt 00:01:12]} Nf6 {[%clk 01:16:41]} {[%emt 00:00:24]}
5. Nf3 {[%clk 01:15:19]} {[%emt 00:01:08]} Bg4 {[%clk 01:16:20]} {[%emt
00:00:50]} 6. Bf4 {[%clk 01:15:00]} {[%emt 00:00:50]} e6 {[%clk 01:15:44]}
{[%emt 00:01:06]} 7. h3 {[%clk 01:14:12]} {[%emt 00:01:18]} Bxf3 {[%clk
01:16:00]} {[%emt 00:00:12]} 8. Qxf3 {[%clk 01:13:38]} {[%emt 00:01:06]} Bd6
{[%clk 01:14:57]} {[%emt 00:01:33]} 9. Be3 {[%clk 01:10:06]} {[%emt 00:03:58]}
O-O {[%clk 01:13:34]} {[%emt 00:01:58]} 10. O-O {[%clk 01:08:37]} {[%emt
00:01:58]} Nc6 {[%clk 01:13:28]} {[%emt 00:00:36]} 11. Nc3 {[%clk 01:08:24]}
{[%emt 00:00:43]} Bc7 {[%clk 01:08:31]} {[%emt 00:05:27]} 12. Nb5 {[%clk
01:07:31]} {[%emt 00:01:24]} a6 {[%clk 01:05:14]} {[%emt 00:03:47]} 13. Nxc7
{[%clk 01:07:29]} {[%emt 00:00:32]} Qxc7 {[%clk 01:05:29]} {[%emt 00:00:13]}
14. Rac1 {[%clk 01:04:18]} {[%emt 00:03:38]} e5 {[%clk 01:02:36]} {[%emt
00:03:28]} 15. Qg3 {[%clk 01:02:05]} {[%emt 00:02:30]} Kh8 {[%clk 00:59:50]}
{[%emt 00:03:27]} 16. c3 {[%emt 00:03:17]} Qe7 {[%clk 00:57:39]} {[%emt
00:00:22]} 17. c4 {[%clk 00:51:56]} {[%emt 00:10:13]} e4 {[%clk 00:54:59]}
{[%emt 00:03:09]} 18. Bb1 {[%clk 00:47:44]} {[%emt 00:04:38]} Nd7 {[%clk
00:52:54]} {[%emt 00:02:34]} 19. cxd5 {[%clk 00:46:23]} {[%emt 00:01:56]} Nb4
{[%clk 00:43:53]} {[%emt 00:09:30]} 20. Bf4 {[%clk 00:45:24]} {[%emt 00:01:26]}
Qf6 {[%clk 00:41:55]} {[%emt 00:02:20]} 21. Bd6 {[%clk 00:42:04]} {[%emt
00:04:01]} Nd3 {[%clk 00:41:21]} {[%emt 00:01:03]} 22. Bxf8 {[%clk 00:42:00]}
{[%emt 00:00:36]} Nxc1 {[%clk 00:41:30]} {[%emt 00:00:20]} 23. Bxg7+ {[%clk
00:42:08]} {[%emt 00:00:22]} Qxg7 {[%clk 00:41:02]} {[%emt 00:00:57]} 24. Qxg7+
{[%clk 00:42:26]} {[%emt 00:00:14]} Kxg7 {[%clk 00:41:23]} {[%emt 00:00:08]}
25. Rxc1 {[%clk 00:42:48]} {[%emt 00:00:08]} f5 {[%clk 00:40:54]} {[%emt
00:01:00]} 26. Rc7 {[%clk 00:42:55]} {[%emt 00:00:19]} Rd8 {[%clk 00:41:02]}
{[%emt 00:00:26]} 27. Rxb7 {[%clk 00:43:09]} {[%emt 00:00:16]} Kh6 {[%clk
00:40:49]} {[%emt 00:00:41]} 28. g4 {[%clk 00:43:11]} {[%emt 00:00:30]} Kg5
{[%clk 00:39:11]} {[%emt 00:02:05]} 29. gxf5 {[%clk 00:43:06]} {[%emt
00:00:38]} Kxf5 {[%clk 00:39:18]} {[%emt 00:00:24]} 30. f3 {[%clk 00:43:15]}
{[%emt 00:00:21]} Nf6 {[%clk 00:38:59]} {[%emt 00:00:47]} 31. Kf2 {[%clk
00:42:50]} {[%emt 00:00:49]} Rxd5 {[%clk 00:39:02]} {[%emt 00:00:35]} 32. Ke3
{[%clk 00:42:40]} {[%emt 00:00:33]} Kg6 {[%clk 00:35:48]} {[%emt 00:03:48]} 33.
fxe4 {[%clk 00:42:43]} {[%emt 00:00:28]} Rh5 {[%clk 00:34:58]} {[%emt
00:01:18]} 34. e5+ {[%clk 00:42:50]} {[%emt 00:00:26]} Kg5 {[%clk 00:34:33]}
{[%emt 00:00:52]} 35. exf6 {[%clk 00:42:54]} {[%emt 00:00:29]} Kxf6 {[%clk
00:34:39]} {[%emt 00:00:22]} 36. Rxh7 {[%clk 00:43:05]} {[%emt 00:00:20]} Rb5
{[%clk 00:33:40]} {[%emt 00:01:20]} 37. Rh6+ {[%clk 00:42:49]} {[%emt
00:00:52]} Kg5 {[%clk 00:33:53]} {[%emt 00:00:20]} 38. Rxa6 {[%clk 00:42:44]}
{[%emt 00:00:35]} Rxb2 {[%clk 00:34:00]} {[%emt 00:00:24]} 39. Bd3 {[%clk
00:42:20]} {[%emt 00:00:36]} Kh4 {[%clk 00:32:29]} {[%emt 00:02:11]} 40. Bf5
{[%clk 00:42:22]} {[%emt 00:00:28]} Kg3 {[%clk 00:31:39]} {[%emt 00:01:19]} 41.
d5 {[%clk 00:42:00]} {[%emt 00:01:01]} Rf2 {[%clk 00:31:20]} {[%emt 00:00:44]}
42. Ke4 {[%clk 00:41:52]} {[%emt 00:00:30]} Rf4+ {[%clk 00:31:06]} {[%emt
00:00:50]} 43. Ke5 {[%clk 00:42:00]} {[%emt 00:00:26]} Rf2 {[%clk 00:29:03]}
{[%emt 00:02:27]} 44. a4 {[%clk 00:42:09]} {[%emt 00:00:30]} Rd2 {[%clk
00:28:51]} {[%emt 00:00:28]} 45. d6 {[%clk 00:42:21]} {[%emt 00:00:32]} Kh4
{[%clk 00:27:55]} {[%emt 00:01:20]} 46. d7 {[%clk 00:42:21]} {[%emt 00:00:33]}
Kg5 {[%clk 00:28:11]} {[%emt 00:00:11]} 47. Rd6 {[%clk 00:42:27]} {[%emt
00:00:26]} Rxd6 {[%clk 00:28:12]} {[%emt 00:00:34]} 48. Kxd6 {[%clk 00:42:47]}
{[%emt 00:00:10]} Kxf5 {[%clk 00:28:31]} {[%emt 00:00:10]} 49. d8=Q {[%clk
00:43:07]} {[%emt 00:00:09]} Kf4 {[%clk 00:28:37]} {[%emt 00:00:23]} 50. Qe7
{[%clk 00:43:14]} {[%emt 00:00:19]} Kg3 {[%clk 00:28:52]} {[%emt 00:00:20]} 51.
Qf6 {[%clk 00:43:29]} {[%emt 00:00:13]} Kg2 {[%clk 00:28:22]} {[%emt 00:00:57]}
52. Qf4 {[%clk 00:43:22]} {[%emt 00:00:33]} Kxh3 {[%clk 00:28:09]} {[%emt
00:00:53]} 53. Qg5 {[%clk 00:43:37]} {[%emt 00:00:14]} Kh2 {[%clk 00:28:33]}
{[%emt 00:00:07]} 54. Ke5 {[%clk 00:43:55]} {[%emt 00:00:09]} Kh3 {[%clk
00:28:56]} {[%emt 00:00:09]} 55. Kf4 {[%clk 00:44:03]} {[%emt 00:00:15]} Kh2
{[%clk 00:29:17]} {[%emt 00:00:16]} 56. Kf3 {[%clk 00:44:20]} {[%emt 00:00:12]}
Kh1 {[%clk 00:29:41]} {[%emt 00:00:08]} 57. Kf2 {[%clk 00:44:30]} {[%emt
00:00:13]} Kh2 {[%clk 00:30:04]} {[%emt 00:00:13]} 58. Qg2 {[%clk 00:44:47]}
{[%emt 00:00:11]} 1-0